书目信息 |
| 题名: |
化工过程优化
|
|
| 作者: | 埃德加 , Edgar , 希梅尔布劳 , Himmelblau , 拉斯东 , Lasdon 著 ;张卫东 , 任钟旗 , 刘光虎 译 | |
| 分册: | ||
| 出版信息: | 北京 化学工业出版社 2006 |
|
| 页数: | 442页 | |
| 开本: | 26cm | |
| 丛书名: | 国外名校名著 | |
| 单 册: | ||
| 中图分类: | TQ021.8 | |
| 科图分类: | ||
| 主题词: | 化工过程--最佳化 , 化工过程 , 最佳化 | |
| 电子资源: | ||
| ISBN: | 7-5025-7363-1 | |
| 000 | 01709oam2 2200409 450 | |
| 001 | 012007506439 | |
| 005 | 20070522171307.64 | |
| 010 | @a7-5025-7363-1@dCNY59.00 | |
| 100 | @a20070514d2006 km y0chiy0120 ea | |
| 101 | 1 | @achi@ceng |
| 102 | @aCN@b110000 | |
| 105 | @aa z 001yy | |
| 106 | @ar | |
| 200 | 1 | @a化工过程优化@Ahua gong guo cheng you hua@f(美)托马斯 F·埃德加(Thomas F. Edgar),(美)戴维 M·希梅尔布劳(David M. Himmelblau),利昂 S·斯拉东(Leon S. Lasdon)著@F(mei)tuo ma si F·ai de jia(Thomas F.Edgar),(mei)dai wei M·xi mei er bu lao(David M.Himmelblau),li ang S·si la dong(Leon S.Lasdon)zhu@g张卫东,任钟旗,刘光虎等译@Gzhang wei dong,ren zhong qi,liu guang hu deng yi |
| 210 | @a北京@c化学工业出版社@d2006 | |
| 215 | @a442页@c图@d26cm | |
| 225 | 2 | @a国外名校名著 |
| 305 | @a原著第2版译出 | |
| 306 | @a化学工业出版社和美国麦格劳-希尔教育(亚洲)出版公司合作出版 | |
| 330 | @a全书共三部分16章。内容有优化问题的本质和组成、优化模型的开发、最优化的基本概念、无约束多参数的最优化、混合整型规划等。 | |
| 461 | 0 | @12001 @a国外名校名著 |
| 510 | 1 | @aOptimization of chemical processes@zeng |
| 606 | 0 | @a化工过程@x最佳化 |
| 606 | 0 | @a化工过程 |
| 606 | 0 | @a最佳化 |
| 690 | @aTQ021.8@v4 | |
| 701 | 1 | @c(美)@a埃德加@Aai de jia@b托马斯 F.@4著 |
| 701 | 1 | @c(美)@aEdgar@bThomas F.@4著 |
| 701 | 1 | @c(美)@a希梅尔布劳@Axi mei er bu lao@b戴维 M.@4著 |
| 701 | 1 | @c(美)@aHimmelblau@bDavid M.@4著 |
| 701 | 1 | @c(美)@a拉斯东@Ala si dong@b利昂 S.@4著 |
| 701 | 1 | @c(美)@aLasdon@bLeon S.@4著 |
| 702 | 0 | @a张卫东@Azhang wei dong@c(化工)@4译 |
| 702 | 0 | @a任钟旗@Aren zhong qi@4译 |
| 702 | 0 | @a刘光虎@Aliu guang hu@4译 |
| 801 | 0 | @aCN@bRULIN@c20070522 |
| 905 | @dTQ021.8@e137@s8 | |
| 化工过程优化/(美)托马斯 F·埃德加(Thomas F. Edgar),(美)戴维 M·希梅尔布劳(David M. Himmelblau),利昂 S·斯拉东(Leon S. Lasdon)著/张卫东,任钟旗,刘光虎等译.-北京:化学工业出版社,2006 |
| 442页:图;26cm.-(国外名校名著) |
| ISBN 7-5025-7363-1:CNY59.00 |
| 全书共三部分16章。内容有优化问题的本质和组成、优化模型的开发、最优化的基本概念、无约束多参数的最优化、混合整型规划等。 |
| ● |
| 相关链接 |
|
|
|
|
正题名:化工过程优化
索取号:TQ021.8/137
 
预约/预借
| 序号 | 登录号 | 条形码 | 馆藏地/架位号 | 状态 | 备注 |
| 1 | 0573729 | 205737292 | 第二样本阅览室/ [索取号:TQ021.8/137] | 在馆 | |
| 2 | 0573730 | 205737309 | 第三借阅区/ [索取号:TQ021.8/137] | 在馆 | |
| 3 | 0573731 | 205737318 | 第三借阅区/ [索取号:TQ021.8/137] | 在馆 | |
| 4 | 0573732 | 205737327 | 第三借阅区/ [索取号:TQ021.8/137] | 在馆 | |
| 5 | 0573733 | 205737336 | 密集书库/ [索取号:TQ021.8/137] | 在馆 | |
| 6 | 0573734 | 205737345 | 密集书库/ [索取号:TQ021.8/137] | 在馆 | |
| 7 | 0573735 | 205737354 | 密集书库/ [索取号:TQ021.8/137] | 在馆 | |
| 8 | 0573736 | 205737363 | 密集书库/ [索取号:TQ021.8/137] | 在馆 |